000 00215nmm a2200085Ia 4500
008 220120s9999||||xx |||||||||||||||||und||
100 _aLINUX
245 0 _aUnlimited Choice: Open windows pund ict. Pype
260 _c2005
999 _c138458
_d138458